La universidad y la actualización para tutores basada en coaching (Record no. 190832)

MARC details
000 -CABECERA
campo de control de longitud fija 01821nab a2200253 a 4500
005 - FECHA Y HORA DE LA ÚLTIMA TRANSACCIÓN
campo de control 20250306121114.0
008 - ELEMENTOS DE LONGITUD FIJA--INFORMACIÓN GENERAL
campo de control de longitud fija 991125c2016 ck fr p o 000 0 spa d
035 ## - NÚMERO DE CONTROL DEL SISTEMA
Número de control de sistema UPN01000218732
040 ## - FUENTE DE LA CATALOGACIÓN
Centro catalogador/agencia de origen UPN
Lengua de catalogación spa
Centro/agencia transcriptor UPN
Normas de descripción aacr2
049 ## - COLECCIÓN
Colección ART-E
100 1# - ASIENTO PRINCIPAL--NOMBRE PERSONAL
Nombre de persona Perdomo Motolongo, Jose Alejandro
Enlace - upel.impm@gmail.com
245 13 - MENCIÓN DE TÍTULO
Título La universidad y la actualización para tutores basada en coaching
Medio [recurso electrónico en línea]
506 0# - NOTA DE RESTRICCIONES AL ACCESO
Limitaciones de acceso Acceso abierto
520 3# - NOTA DE RESUMEN, ETC.
Sumario, etc. El presente estudio tuvo como propósito proponer un Programa de Entrenamiento Gerencial basado en Coaching dirigido al personal contratado por honorarios profesionales en el programa de formación de pregrado del Núcleo Académico Carabobo UPEL-IMPM. Enmarcado dentro de la modalidad de proyecto factible, apoyado en una investigación documental y un estudio de campo. La población estuvo constituida por treinta y ocho (38) tutores. Para la recolección de datos se utilizó la técnica de la encuesta con la escala: Siempre, casi siempre, algunas veces, casi nunca, y nunca, estructurado en ítems. Entre los resultados más resaltantes pueden mencionarse la poca promoción del trabajo en equipo, la falta de liderazgo, comunicación y motivación hacia los tutores. De allí que la propuesta se estructure en cinco (05) talleres, con una duración de ocho (08) horas cada uno, constituido por los contenidos gerenciales desde la perspectiva del coaching ontológico
650 #4 - ASIENTO SECUNDARIO DE MATERIA - TERMINO TEMATICO
9 (RLIN) 5345
Término de materia o nombre geográfico como elemento de entrada Liderazgo
650 #4 - ASIENTO SECUNDARIO DE MATERIA - TERMINO TEMATICO
9 (RLIN) 9285
Término de materia o nombre geográfico como elemento de entrada Comunicación
653 0# - TERMINO DE INDIZACION - NO CONTROLADO
Término no controlado Coaching ontológico
653 0# - TERMINO DE INDIZACION - NO CONTROLADO
Término no controlado Motivación
773 ## - ENLACE AL DOCUMENTO FUENTE/ENTRADA DE REGISTRO ANFITRIÓN
Parte(s) relacionada(s) Vol. 16, no. 1 (2014), p. 123-141
Título Horizontes pedagógicos
Número Internacional Normalizado para Publicaciones Seriadas 2500-705X
856 4# - LOCALIZACIÓN Y ACCESO ELECTRÓNICOS
Identificador Uniforme del Recurso <a href="https://horizontespedagogicos.ibero.edu.co/article/view/16111">https://horizontespedagogicos.ibero.edu.co/article/view/16111</a>
902 ## - ELEMENTOS DE DATOS B LOCAL, LDB (RLIN)
Creó Gloria Jiménez/0824
905 ## - TIPO DE MATERIAL
Tipo de material Articulo
942 ## - ELEMENTOS DE PUNTO DE ACCESO ADICIONAL (KOHA)
Tipo de ítem Koha Artículo Electrónico
Holdings
Estado de retiro Estado de pérdida Estado dañado No para préstamo Código de colección Localización permanente Ubicación/localización actual Ubicación en estantería Fecha de adquisición Total de préstamos Fecha visto por última vez Identificador Uniforme del Recurso Precio válido a partir de Tipo de ítem Koha
        Acceso abierto Bib. Gregorio Torres Quintero Bib. Gregorio Torres Quintero En línea 30/08/2024   30/08/2024 https://horizontespedagogicos.ibero.edu.co/article/view/16111 30/08/2024 Artículo Electrónico